| 000 | 00623 a2200181 4500 | ||
|---|---|---|---|
| 020 | _a0521889448 | ||
| 020 | _a9780521889445 | ||
| 082 | 0 | 4 | _a523 |
| 090 |
_c289 _d289 |
||
| 100 | 1 | _aBegelman, Mitchell. | |
| 245 | 1 | 0 |
_aGravity's fatal attraction : _bblack holes in the universe / _cMitchell Begelman, Martin Rees. |
| 250 | _a2nd ed. | ||
| 260 |
_a[S.l.] : _bCambridge University Press, _c2009. |
||
| 300 |
_a312 p. ; _c25 cm. |
||
| 700 | 1 | _aRees, Martin. | |
| 942 |
_aSNS _cBK _k523.8875 BEG |
||
| 999 |
_c28924 _d28924 |
||